000 00643nam a2200217 a 4500
001 2877
003 CO-ViMGA
008 141112s2004 ck r 000 u spa d
040 _aCO-ViMGA
_bspa
_cCO-ViMGA
082 0 4 _a616.462 G672
100 1 _aGordon, Neil
245 1 0 _aDiabetes :
_bguía completa de ejercicios para preveción y rehabilitación /
_cGordon Neil
260 _aSantafé de Bogotá :
_bVoluntad,
_c1994
300 _a159 p : il
490 _aCondición física
590 _aEjemplares : 2
650 1 4 _aDIABETES
650 1 4 _aDIABETES - PREVENCION
_952015
650 1 4 _aDIABETES - TRATAMIENTO
_952016
942 _2ddc
_cBK
999 _c14947
_d14947